000 00217nam a2200085Ia 4500
008 120527s9999 xx 000 0 und d
100 _aCCH Tax Law Edition
245 _aExplanation of tax reform Act of 1986
942 _cBK
999 _c27106
_d27106